Homestuck Answer Chain - Statistics

General Stats
  • This quiz has been taken 28 times
  • The average score is 17 of 52
Answer Stats
Hint Answer % Correct
Homestuck Jesus Jr Karkat Vantas
85%
First guardian of the previous Becquerel
77%
Woke up early on the previous Jade Harley
77%
Player whose exile was the previous John Egbert
77%
Lunar sway of the previous Prospit
77%
Videogame teammate of the previous Terezi Pyrope
77%
Patron troll of the previous Vriska Serket
77%
Kismesis of the previous Black Queen/Snowman
69%
Exile of the previous Jack Noir/Spades Slick
69%
Successor of the previous Parcel Mistress/Peregrine Mendicant
69%
Friendlier contemporary of the previous Warweary Villein/Wayward Vagabond
69%
Opposite/alternate of the previous White Queen/Windswept Questant
69%
Crush of the previous Dirk Strider
54%
Crush of the previous Jake English
54%
Crushing on the previous Jane Crocker
54%
Sprite of the previous Jaspers
54%
First death was in a face off with the previous Rose Lalonde
54%
Responsible for the disappearance of the previous Roxy Lalonde
54%
Absorbed the powers of the previous Bec Noir
46%
Knight of the previous Dave Strider
46%
Ex of the previous Aradia Megido
38%
Guardian of the previous Bro
38%
Inheritance of the previous Crockercorp
38%
Descendant of the previous Feferi Peixes
38%
Created the previous the Batterwitch/the Condesce
38%
Aspect of the previous Time
38%
Killed by the previous Sollux Captor
31%
Guardian of the previous Gl'bgolyb/Glub Glub
23%
Book that the previous left a note in Colonel Sassacre's Daunting Text of Magical Frivolity and Practical Japery
15%
Had a budding romance with the previous Dad
15%
Helped by the previous via the sawing off of some legs Equius Zahhak
15%
Made a dress referencing the previous Kanaya Maryam
15%
Gifted one of the previous to her daughter Mom
15%
Went through the previous' phone after their death Nanna
15%
Moirail of the previous Nepeta Leijon
15%
Troll who hunts with the previous Eridan Ampora
8%
Has a neglectful previous Gamzee Makara
8%
What the previous hunts Lusi
8%
Obsession of the previous Ponies
8%
(Presumable) strife specifus of the previous Riflekind
8%
Stole a copy of the previous Grandpa
0%
Descendant of the previous Karkat Vantas
0%
Rival of the previous Marquise Spinneret Mindfang
0%
Prosecuted the previous Neophyte Redglare
0%
Killed by the previous Orphaner Dualscar
0%
Favorite story of the previous Pupa Pan
0%
Guardian of the previous Pyralspite
0%
What the descendant name-sharing counterpart of the previous is Scalemate
0%
Owns similar objects to the previous Tavros Nitram
0%
Ancestor of the previous the Disciple
0%
Ancestor of the previous the Grand Highblood
0%
Followed by the previous the Signless/the Sufferer
0%
No matching quizzes found
Score Distribution
Percent of People with Each Score
Percentile by Number Answered
Your Score History
You have not taken this quiz